Estadísticas para Países de Oceanía

Haz click aquí para tomar la prueba!

Estadísticas generales

  • Esta prueba ha sido tomada 3,836 veces
  • La puntuación promedio es 12 de 14

Estadísticas de respuestas

País % Correcto
Australia
100%
Nueva Zelanda
97%
Papua Nueva Guinea
93%
Islas Salomón
88%
Fiyi
88%
Micronesia
88%
Islas Marshall
86%
Vanuatu
82%
Kiribati
81%
Samoa
81%
Tonga
80%
Tuvalu
79%
Palaos
77%
Nauru
77%

Distribución de puntuación

Porcentaje por número respondido

Porcentaje de gente con cada puntuación

Historial de tus puntuaciones

No has tomado esta prueba